02742cam a22003854i 4500003000900000005001700009008004100026035002000067040003300087100004100120245022200161264001000383300003900393336002100432337002500453338002300478502005900501504002400560520160200584526001002186526001002196526000902206526000902215526000902224526000902233526000902242526000902251526000902260526000802269526000802277526000802285526000802293526000802301650004702309PE-LiUPU20250731165405.0151005s2014 pe a grm 000 0 spa d a(Sirsi) a154775 aPE-LiUPUbspacPE-LiUPUerda1 aBartolo Estrella, Dolly Elisaeautor1 aInfluencia de la temperatura de tostado sobre el contenido de compuestos fenólicos totales y la capacidad antioxidante de la Cañihua (Chenopodium pallidicante Aellen) variedad Cupi /cDolly Elisa Bartolo Estrella. 0c2014. a94 hojas : bilustraciones;c30 cm atext2rdacontent aunmediated2rdamedia avolume2rdacarrier aTesisb(Lic.) -- cUniversidad Peruana Unión,d2014. aIncluye referencias3 aEl objetivo de esta investigación fue determinar la influencia de la temperatura de tostado de los granos de cañihua (chenopodium pallidicaule Aellen) variedad Cupi sobre el contenido de fenoles totales y su actividad antioxidante. Se utilizó un diseño Box Behnken, las variabls independientes en el estudio fueron la temperatura de tostado (120,160 y 200°C), el acondicionamiento de la cañihua (cáscara, grano entero, grano sin cáscara) y el tipo de molienda (fina, intermedia, sin molienda). Se almacenaron muestras testigo sin tratamiento para la evaluación de estos efectos. Los resultados de análisis de variancia mostraron que la temperatura de tostado y la molienda del cereal influyen significativamente en el contenido de fenoles totales (p<0.05). Las propiedades fisicoquímicas de la Cañihua variedad Cupi mostraron alto valor nutricional, teniendo un alto porcentaje de proteínas (15.2%), lípidos (6.1%) y cenizas (3,8%). No se presentó un aumento en la actividad antioxidante frente a las temperaturas altas de tostado, sin embargo, la molienda de los granos fue favorale para la actividad antioxidante de la cañihua, presentándose valores (anres del proceso de tostado) 34.16, 21.66, 3.16 mg/ml de EE para las moliendas finas de granos sin cáscara, granos enteros y cáscara; respectivamente. Se concluye que el efecto de la temperatura de tostado en el contenido de compuestos fenólicos totales favorece el desarrollo de la reacción de Maillard y las melanoidinas resultantes, incrementando así la formación de los compuestos fenólicos. aSEG44 aSEG26 aP151 aP150 aP149 aP146 aP145 aP126 aP125 aP92 aP75 aP74 aP27 aP1504aCañihuaxCompuestos fenólicosxTostado